Tvorba a využívanie strojových katalógov a registrov v ZIS OÚNZ Topoľčany (diplomová práca)

Podrobná bibliografia
Hlavný autor: Čakajdová, Katarína (Autor)
Ďalší autori: Bako, Michal, 1924-2004 (ini)
Médium: Kniha
Jazyk:slovenčina
Fyzický popis:70 s., 8 príl. sch., tab. 30 cm
Vydavateľské údaje: Bratislava Filozofická fakulta Univerzity Komenského 1985
Predmet:

MARC

LEADER 00000nam a2200000 a 4500
001 vtls001303395
003 SK-MaSNL
005 20260302032905.0
008 240313sm y0 xo a r 0 slo
035 |a SNK000255542 
040 |a SNK  |b slo  |c SNK  |e AACR2 
044 |a xo  |c SK 
072 7 |a 01  |x Bibliografia  |2 konspekt 
072 7 |a 004  |x Počítačová veda. Výpočtová technika. Informačné technológie  |2 konspekt 
080 |a 017/019  |2 1981 
080 |a 004  |2 1981 
080 |a (043)  |2 1981 
100 1 |a Čakajdová, Katarína  |4 aut  |9 682407 
245 1 |a Tvorba a využívanie strojových katalógov a registrov v ZIS OÚNZ Topoľčany  |b (diplomová práca)  |c diplomant: Katarína Čakajdová ; školiteľ: Michal Bako 
260 |a Bratislava  |b Filozofická fakulta Univerzity Komenského  |c 1985 
300 |a 70 s., 8 príl.  |b sch., tab.  |c 30 cm 
650 0 7 |a katalógy  |2 SNKPH  |9 3488 
650 0 7 |a registre  |2 SNKPH  |9 49749 
650 0 7 |a počítače  |2 SNKPH  |9 2027 
655 7 |a diplomové práce  |2 SNKPH  |9 70156 
700 1 |a Bako, Michal,  |d 1924-2004  |4 ini  |9 210381 
999 |c 1059078  |d 1061008 
952 |t P60, <03>, [BOOK], {603}  |a SNK  |b SNK  |y PREZ  |7 0  |p 17A0097125  |o snkDIP 185  |i snkF 501/2002  |0 0  |1 0  |4 0  |d 2002-05-09  |l 0  |r 2005-01-02 00:00:00  |w 2026-02-24